Pradeshika vyathiyanangalum rubber uthpathanavum (Record no. 72894)

MARC details
000 -LEADER
fixed length control field 00326nam a2200133Ia 4500
100 ## - MAIN ENTRY--AUTHOR NAME
Personal name Ambily K.K.
245 #0 - TITLE STATEMENT
Title Pradeshika vyathiyanangalum rubber uthpathanavum
260 ## - PUBLICATION, DISTRIBUTION, ETC. (IMPRINT)
Name of publisher Rubber
Year of publication 2009
300 ## - PHYSICAL DESCRIPTION
Number of Pages 14-15.
700 ## - ADDED ENTRY--PERSONAL NAME
Personal name Meena S.
700 ## - ADDED ENTRY--PERSONAL NAME
Personal name Nair N. Usha
942 ## - ADDED ENTRY ELEMENTS (KOHA)
Koha item type Malayalam
Holdings
Withdrawn status Lost status Damaged status Not for loan Home library Current library Date acquired Serial Enumeration / chronology Koha item type
      Journals RRII Library RRII Library 30/11/2009 Volume 524, Issue Nov Malayalam